|
|
|
|
| LEADER |
00000cam a2200000 7i4500 |
| 001 |
0000044850 |
| 005 |
20160308.0 |
| 008 |
150119 |
| 020 |
|
|
|a 9670145785
|
| 020 |
|
|
|a 9789670145754 (set)
|
| 020 |
|
|
|a 9789670145785
|
| 090 |
0 |
0 |
|a JF
|b MAL
|
| 100 |
1 |
|
|a Fidah Rahmad
|
| 245 |
1 |
0 |
|a Misteri Banglo Putih
|c Fidah Ahmad
|
| 260 |
|
|
|a Selangor :
|b Penerbitan Afdal ,
|c 2013
|
| 490 |
1 |
|
|a Siri Wirawan Cilik
|
| 500 |
|
|
|a Children ages 7-9 years old (orange)
|
| 650 |
|
0 |
|a Children's stories, Malay
|
| 999 |
|
|
|a 0001290741
|b Book
|c Children Collection
|e Cawangan Taman Sri Lambak
|
| 999 |
|
|
|a 0001290742
|b Book
|c Children Collection
|e Cawangan Urban Transformation Centre
|
| 999 |
|
|
|a 0001290743
|b Book
|c Children Collection
|e Cawangan AEON Kulaijaya
|
| 999 |
|
|
|a 0001290744
|b Book
|c Children Collection
|e Cawangan Taman Universiti
|
| 999 |
|
|
|a 0001290745
|b Book
|c Children Collection
|e Cawangan Pontian
|
| 999 |
|
|
|a 0001290746
|b Book
|c Children Collection
|e Cawangan Tmn. Ungku Tun Aminah
|
| 999 |
|
|
|a 0001290747
|b Book
|c Children Collection
|e Cawangan Segamat
|
| 999 |
|
|
|a 0001290748
|b Book
|c Children Collection
|e Cawangan Kota Tinggi
|
| 999 |
|
|
|a 0001290749
|b Book
|c Children Collection
|e Cawangan Mersing
|
| 999 |
|
|
|a 0001290750
|b Book
|c Children Collection
|e Cawangan Bukit Gambir
|
| 999 |
|
|
|a 0001290751
|b Book
|c Children Collection
|e Cawangan Tangkak
|
| 999 |
|
|
|a 0001290752
|b Book
|c Children Collection
|e Cawangan Bandar Penawar
|
| 999 |
|
|
|a 0001290754
|b Book
|c Children Collection
|e Cawangan Muar
|